| 000 | 01445nam a2200361 a 4500 | ||
|---|---|---|---|
| 001 | vtls000087123 | ||
| 003 | NLI | ||
| 005 | 20210601195327.0 | ||
| 008 | 101125s1986 it a 001 0 eng | ||
| 020 | _a9251024820 (pbk.) | ||
| 039 | 9 |
_y201011250940 _zVLOAD |
|
| 040 | 0 |
_aNLI _beng _cEntertech-2003 _eAACR2 |
|
| 041 | 0 | _aeng | |
| 044 | _ait | ||
| 082 | 0 | 4 | _a333.72 |
| 100 | 1 |
_aGeyik, M. P. _9197137 |
|
| 245 | 1 | 0 |
_aWatershed management field manual : _bgully control / _cbased on the work of M. P. Geyik |
| 260 |
_aRome : _bFood and Agriculture Organization of the United Nations, _cc1986 |
||
| 300 |
_avii, 56 p. : _bill. ; _c30 cm. |
||
| 440 | 0 |
_aFAO conservation guide ; _vno. 13-1 |
|
| 504 | _aIncludes bibliographical references and index | ||
| 505 | 0 | _a[1] Watershed survey and planning - [2] Slope treatment measures and practices - [3] Vegetative and soil treatment measures - [4] Road design and construction in sensitive watersheds - [5] Gully control - [etc.] | |
| 650 | 0 |
_aRoads _xDesign and construction _xEnvironmental aspects _9194782 |
|
| 650 | 0 |
_aSoil protection _9194783 |
|
| 650 | 0 |
_aWatershed management _950490 |
|
| 710 | 2 |
_aFood and Agriculture Organization of the United Nations (Rome), _4pbl _910880 |
|
| 887 | _a | ||
| 901 |
_a24949 _b18.03.1991 |
||
| 902 | _aUN333.72F686( Ser.13/2) | ||
| 949 |
_AVIRTUAITEM _D10002 _X100 _6FOD000024949ENG |
||
| 942 |
_2ddc _cBKS |
||
| 999 |
_aVIRTUA00 _c92002 _d92002 |
||